000 00632nam a2200241Ia 4500
003 OSt
005 20220925230355.0
006 a|||||r|||| 00| 0
007 ta
008 220923b |||||||| |||| 00| 0 eng d
020 _a086091321X
037 _cGeneral Book
040 _aRTL
_cRTL
_beng
041 _2eng
_aeng
082 _aW,8, N2
100 _aMandel Ernest
245 0 _aPower and money
_b A marxist theory of bureaucracy
260 _aLondon
_bVerso
_c1992
300 _avii,252p
_ccm.
650 _aBureaucracy
942 _hW,8, N2
_cGB
_2CC
999 _c585303
_d585303